000 00483nam a2200193Ia 4500
003 OSt
005 20250115103924.0
008 210210b1981 xxu||||| |||| 00| 0 eng d
040 _cAL
041 _aKannada
082 _aK894.3 GATM
100 _aGATTI (K T).
_dಗಟ್ಟಿ (ಕೆ ಟಿ)
_9193450
245 _aMane.
_bಮನೆ
260 _aMaisuru
_bGita Buk Haus
_c1981
300 _aiv,144
690 _aKannada Fiction
_9193451
906 _a035409
942 _2ddc
_cBK
999 _c85961
_d85961